Химия и физикохимия полимеров: учебное пособие

Бібліографічні деталі
Автор: Анохин В. В. Виктор Васильевич
Мова:Російська
Опубліковано: Киев, Высшая школа, 1987
Предмети:
Формат: Книга
KOHA link:https://koha.lib.tpu.ru/cgi-bin/koha/opac-detail.pl?biblionumber=33211

MARC

LEADER 00000nam0a2200000 4500
001 33211
005 20231101210141.0
035 |a (RuTPU)RU\TPU\book\33537 
035 |a BOOK00000188 
090 |a 33211 
100 |a 20011210d1987 m y0rusy50 ca 
101 0 |a rus 
102 |a UA 
105 |a y j 000zy 
200 1 |a Химия и физикохимия полимеров  |e учебное пособие  |f В. В. Анохин 
210 |a Киев  |c Высшая школа  |d 1987 
215 |a 398 с. 
606 |a Полимеры  |x Химия  |2 stltpush  |3 (RuTPU)RU\TPU\subj\74408  |9 86706 
606 |a Полимеры  |x Физическая химия  |2 stltpush  |3 (RuTPU)RU\TPU\subj\50318  |9 69021 
610 1 |a химия 
610 1 |a физика 
610 1 |a физическая химия 
610 1 |a высокомолекулярные соединения 
610 1 |a учебные пособия 
675 |a 678.01:54(075.8)  |v 3 
700 1 |a Анохин  |b В. В.  |g Виктор Васильевич 
801 0 |a RU  |b 63413507  |c 20011210  |g PSBO 
801 2 |a RU  |b 63413507  |c 20201029  |g PSBO 
900 |a Химия и физика высокомолекулярных соединений 
900 |a Физика и химия полимеров 
942 |c BK